[Event "4NCL Division 2a"]
[Site "Daventry, ENG"]
[Date "2020.01.12"]
[Round "4.12"]
[White "Blackburn, Jonathan L B"]
[Black "Moore, Graham J"]
[Result "1-0"]
[WhiteElo "2242"]
[BlackElo "2254"]
[PlyCount "107"]
[EventDate "2020.01.12"]
[WhiteTeam "West is Best 1"]
[BlackTeam "Anglian Avengers"]

1. d4 Nf6 2. c4 e6 3. Nc3 Bb4 4. e3 c5 5. Nge2 b6 6. a3 Ba5 7. f3 O-O 8. Rb1
Na6 9. d5 exd5 10. cxd5 b5 11. Ng3 b4 12. axb4 cxb4 13. Nb5 Nc7 14. d6 Nxb5 15.
Bxb5 Qb6 16. Qd3 Rb8 17. Bc4 b3+ 18. Kf2 Qc5 19. Ra1 Bb7 20. Nf5 Kh8 21. Rd1
Bb4 22. Bxb3 a5 23. h3 Ba6 24. Qxa6 Qxf5 25. Qd3 Qd5 26. Qd4 Qxd4 27. Rxd4 Bxd6
28. Rxd6 Rxb3 29. Rxa5 Rc8 30. Rd1 Rc2+ 31. Kf1 h6 32. e4 g5 33. Ra3 Rb6 34.
Rc3 Rc6 35. Be3 Kh7 36. Rxc2 Rxc2 37. Rd2 Rc7 38. b4 Rb7 39. Bc5 Ne8 40. Ra2 d6
41. Ra7 Rb8 42. Be3 Rxb4 43. Rxf7+ Kg6 44. Rd7 Rb2 45. Re7 Rb1+ 46. Kf2 Rb2+
47. Kg3 Rb8 48. Re6+ Kh7 49. Kg4 Rd8 50. Bd4 d5 51. Bb6 Rd6 52. Rxe8 Rxb6 53.
exd5 Rb5 54. Kh5 1-0

[Event "4NCL Division 2a"]
[Site "Daventry, ENG"]
[Date "2020.01.12"]
[Round "4.13"]
[White "Walker, Martin G"]
[Black "Cooper, John G"]
[Result "1-0"]
[WhiteElo "2252"]
[BlackElo "2236"]
[PlyCount "53"]
[EventDate "2020.01.12"]
[WhiteTeam "Anglian Avengers"]
[BlackTeam "West is Best 1"]

1. e4 c5 2. Nf3 g6 3. d4 cxd4 4. Nxd4 Bg7 5. c4 Nc6 6. Nb3 d6 7. Be2 Nf6 8. Nc3
O-O 9. O-O a5 10. Be3 a4 11. Nd4 a3 12. b3 Ng4 13. Bxg4 Bxg4 14. Qd2 Qa5 15. f3
Bd7 16. Rad1 Rfc8 17. Nd5 Qxd2 18. Rxd2 Bxd4 19. Bxd4 Ra6 20. b4 Nxd4 21. Nxe7+
Kf8 22. Nxc8 Bxc8 23. Rxd4 Be6 24. b5 Ra4 25. Rc1 Ke7 26. Kf2 Rb4 27. Ke3 1-0

[Event "4NCL Division 2a"]
[Site "Daventry, ENG"]
[Date "2020.01.12"]
[Round "4.14"]
[White "Jones, Steven A"]
[Black "Talsma, Paul"]
[Result "1-0"]
[WhiteElo "2227"]
[BlackElo "2163"]
[PlyCount "69"]
[EventDate "2020.01.12"]
[WhiteTeam "West is Best 1"]
[BlackTeam "Anglian Avengers"]

1. d4 Nf6 2. Nf3 c5 3. g3 cxd4 4. Nxd4 e5 5. Nb3 a5 6. Bg5 a4 7. N3d2 Qb6 8.
Bxf6 Qxf6 9. Bg2 Na6 10. O-O Be7 11. Nc3 Nc7 12. Nc4 O-O 13. a3 Qe6 14. Nd5
Nxd5 15. Qxd5 Qa6 16. Nxe5 Qxe2 17. Nxf7 Qe6 18. Rae1 Qxd5 19. Bxd5 Bf6 20.
Nd6+ Kh8 21. c3 Ra5 22. Rd1 b6 23. Rfe1 g6 24. f4 Ba6 25. Bg2 g5 26. f5 Be5 27.
g4 h6 28. Ne4 Rf7 29. Nf2 Bc4 30. Nd3 Bxd3 31. Rxd3 d6 32. Re4 Rb5 33. Rd2 Ra7
34. Bf1 Rc5 35. Rb4 1-0

[Event "4NCL Division 2a"]
[Site "Daventry, ENG"]
[Date "2020.01.12"]
[Round "4.15"]
[White "Moore, Geoffrey R"]
[Black "Kett, Tim"]
[Result "0-1"]
[WhiteElo "2050"]
[BlackElo "2180"]
[PlyCount "104"]
[EventDate "2020.01.12"]
[WhiteTeam "Anglian Avengers"]
[BlackTeam "West is Best 1"]

1. e4 e5 2. Nf3 Nc6 3. Bb5 a6 4. Ba4 d6 5. d4 b5 6. Bb3 Nxd4 7. Nxd4 exd4 8.
Bd5 Rb8 9. Bc6+ Bd7 10. Bxd7+ Qxd7 11. Qxd4 Nf6 12. O-O Be7 13. b3 O-O 14. Bb2
c5 15. Qc3 Qg4 16. f3 Qg6 17. Qd2 b4 18. c4 Nh5 19. Kh1 Bf6 20. a4 Be5 21. Bxe5
dxe5 22. g3 Rbd8 23. Qf2 Rd4 24. Nd2 Nxg3+ 25. hxg3 Qh6+ 26. Qh2 Qxh2+ 27. Kxh2
Rxd2+ 28. Kh3 f6 29. f4 Re8 30. Kg4 exf4 31. Kxf4 Kf7 32. Rad1 Red8 33. Rxd2
Rxd2 34. Rh1 g5+ 35. Ke3 Rb2 36. Rxh7+ Ke6 37. Ra7 Rxb3+ 38. Kf2 Rc3 39. Rxa6+
Ke5 40. a5 Rxc4 41. Ra8 Rc2+ 42. Ke3 Rc3+ 43. Kf2 Ra3 44. a6 Kxe4 45. a7 Ra2+
46. Ke1 Kf3 47. Rf8 Rxa7 48. Rxf6+ Ke3 49. Re6+ Kd3 50. Rd6+ Kc3 51. Rd5 c4 52.
Rxg5 b3 0-1

[Event "4NCL Division 2a"]
[Site "Daventry, ENG"]
[Date "2020.01.12"]
[Round "4.16"]
[White "Zeidler, Sven P"]
[Black "Myall, Ivan J"]
[Result "1-0"]
[WhiteElo "2185"]
[BlackElo "2050"]
[PlyCount "116"]
[EventDate "2020.01.12"]
[WhiteTeam "West is Best 1"]
[BlackTeam "Anglian Avengers"]

1. e4 e5 2. Nf3 Nc6 3. c3 d5 4. Qa4 f6 5. d3 Be6 6. Nbd2 Nge7 7. Be2 Ng6 8. d4
dxe4 9. Nxe4 Qd5 10. dxe5 Ngxe5 11. Nxe5 Qxe5 12. O-O Qa5 13. Bb5 Qxa4 14. Bxa4
Bd5 15. Re1 O-O-O 16. Bf4 Ne5 17. Bxe5 fxe5 18. Bb3 Bxe4 19. Rxe4 Bd6 20. h4
Rdf8 21. f3 Rf4 22. Rxf4 exf4 23. Be6+ Kd8 24. Bf5 g6 25. Be4 c6 26. Kf2 Kc7
27. Rh1 Bc5+ 28. Ke2 Rg8 29. b4 Be3 30. g4 a5 31. b5 Rd8 32. Bd3 Rd5 33. bxc6
bxc6 34. Rb1 Rc5 35. c4 Re5 36. Be4 Rc5 37. Kd3 Re5 38. Rh1 Rc5 39. Rh2 Re5 40.
g5 Bc5 41. Rg2 Re7 42. h5 gxh5 43. Rh2 Rd7+ 44. Kc2 Rg7 45. Rxh5 Be7 46. Rh6
Rxg5 47. Rxh7 Rg2+ 48. Kb3 Kd8 49. Bxc6 Bf6 50. a3 Rb2+ 51. Ka4 Be7 52. Rh5 Kc7
53. Be4 Ra2 54. c5 Ra1 55. Rh7 Kd8 56. Kxa5 Rxa3+ 57. Kb6 Bxc5+ 58. Kxc5 Ra1
1-0

[Event "4NCL Division 2a"]
[Site "Daventry, ENG"]
[Date "2020.01.12"]
[Round "4.17"]
[White "Sheerin, Alex"]
[Black "Phillips, Roy"]
[Result "1/2-1/2"]
[WhiteElo "2027"]
[BlackElo "2176"]
[PlyCount "57"]
[EventDate "2020.01.12"]
[WhiteTeam "Anglian Avengers"]
[BlackTeam "West is Best 1"]

1. d4 d6 2. Bf4 Nd7 3. Nf3 g6 4. e4 Bg7 5. e5 Nb6 6. Nc3 c6 7. Bd3 Nh6 8. Qe2
dxe5 9. dxe5 Nd5 10. Nxd5 Qxd5 11. O-O Bg4 12. Bc4 Bxf3 13. gxf3 Qd4 14. Bg3
O-O 15. Rad1 Qc5 16. Rd2 b5 17. Bb3 e6 18. Rfd1 Nf5 19. f4 h5 20. Rd3 h4 21.
Bxh4 Nxh4 22. Qg4 Nf5 23. Bxe6 fxe6 24. Qxg6 Rae8 25. Rh3 Re7 26. Qh7+ Kf7 27.
Qh5+ Kg8 28. Qh7+ Kf7 29. Qh5+ 1/2-1/2

[Event "4NCL Division 2a"]
[Site "Daventry, ENG"]
[Date "2020.01.12"]
[Round "4.18"]
[White "Davies, Merlin"]
[Black "Heffer, Judith"]
[Result "1/2-1/2"]
[WhiteElo "1529"]
[BlackElo "1598"]
[PlyCount "95"]
[EventDate "2020.01.12"]
[WhiteTeam "West is Best 1"]
[BlackTeam "Anglian Avengers"]

1. e4 e6 2. d3 d5 3. Nd2 c5 4. g3 Nc6 5. Bg2 Nf6 6. f4 Be7 7. e5 Nd7 8. Ngf3
Qc7 9. Qe2 f6 10. exf6 Nxf6 11. Ne5 Nd4 12. Qd1 b6 13. c3 Nf5 14. Ndf3 Bd6 15.
Qa4+ Bd7 16. Nxd7 Qxd7 17. Qxd7+ Nxd7 18. O-O Nf6 19. Ng5 Kd7 20. Bh3 g6 21.
Bd2 h6 22. Nf3 Rae8 23. g4 Ng7 24. Ne5+ Bxe5 25. fxe5 Ng8 26. d4 h5 27. Rf7+
Re7 28. Raf1 hxg4 29. Bg5 Rxf7 30. Rxf7+ Ke8 31. Rxg7 gxh3 32. Rxa7 Rh5 33. Be3
cxd4 34. cxd4 Ne7 35. Rb7 Nf5 36. Bf2 Rg5+ 37. Kf1 Rg4 38. Rxb6 Kd7 39. Rb3 Re4
40. Rxh3 Nxd4 41. Bxd4 Rxd4 42. Ke2 Re4+ 43. Re3 Rh4 44. h3 g5 45. Kd3 g4 46.
hxg4 Rxg4 47. a3 Kc6 48. Re2 1/2-1/2

[Event "4NCL Division 2a"]
[Site "Daventry, ENG"]
[Date "2020.01.12"]
[Round "4.21"]
[White "Moreby, James"]
[Black "Graham, David B"]
[Result "1/2-1/2"]
[WhiteElo "2282"]
[BlackElo "2260"]
[PlyCount "96"]
[EventDate "2020.01.12"]
[WhiteTeam "North East England"]
[BlackTeam "Sussex Martlets 1"]

1. d4 d5 2. Nc3 Nf6 3. Bf4 g6 4. Qd2 Bg7 5. O-O-O c6 6. f3 Nbd7 7. g4 b5 8. h4
h6 9. e3 Nb6 10. Kb1 a5 11. Qh2 Ra7 12. Nce2 Nc4 13. Nc1 Qb6 14. Nge2 a4 15.
Nd3 b4 16. c3 a3 17. b3 bxc3 18. Nxc3 Nd7 19. Ka1 Qa5 20. Rc1 Nb2 21. Ne5 Nxe5
22. Bxe5 Bxe5 23. Qxe5 O-O 24. h5 g5 25. Qh2 Ba6 26. Qc2 Bxf1 27. Rhxf1 Qa6 28.
f4 Nd3 29. Rcd1 Nb4 30. Qf5 Qc8 31. Qxc8 Rxc8 32. Kb1 c5 33. fxg5 cxd4 34. Rxd4
Rxc3 35. Rxb4 hxg5 36. Rb8+ Kg7 37. h6+ Kxh6 38. Rg8 Kh7 39. Rxg5 Ra6 40. Rxf7+
Kh6 41. Rh5+ Kg6 42. Rxe7 Rf6 43. Rf5 Rxf5 44. gxf5+ Kxf5 45. Re8 Rc7 46. Ra8
Ke4 47. Rxa3 Kxe3 48. b4+ Ke2 1/2-1/2

[Event "4NCL Division 2a"]
[Site "Daventry, ENG"]
[Date "2020.01.12"]
[Round "4.22"]
[White "Cumming, Rhys"]
[Black "Taylor, Adam A"]
[Result "1/2-1/2"]
[WhiteElo "2289"]
[BlackElo "2267"]
[PlyCount "69"]
[EventDate "2020.01.12"]
[WhiteTeam "Sussex Martlets 1"]
[BlackTeam "North East England"]

1. e4 c5 2. Nf3 Nc6 3. Bb5 g6 4. Bxc6 dxc6 5. d3 Bg7 6. h3 Nf6 7. Nc3 Nd7 8.
Be3 b6 9. Qd2 h6 10. O-O e5 11. Nh2 Nf8 12. f4 exf4 13. Bxf4 Ne6 14. Bg3 Qg5
15. Qe1 Nd4 16. Qf2 O-O 17. Bd6 Nf5 18. Nf3 Nxd6 19. Nxg5 Bd4 20. Nf3 Bxf2+ 21.
Rxf2 Be6 22. a3 Kg7 23. Kh2 f5 24. b4 fxe4 25. Nxe4 Nxe4 26. dxe4 cxb4 27. axb4
Rfd8 28. c3 Rd3 29. Nd4 Bg8 30. Ra3 c5 31. bxc5 bxc5 32. Nc6 a5 33. Nxa5 Re3
34. Nc4 Rxa3 35. Nxa3 1/2-1/2

[Event "4NCL Division 2a"]
[Site "Daventry, ENG"]
[Date "2020.01.12"]
[Round "4.23"]
[White "Oyama, Akito"]
[Black "Grant, David J"]
[Result "0-1"]
[WhiteElo "2260"]
[BlackElo "2207"]
[PlyCount "70"]
[EventDate "2020.01.12"]
[WhiteTeam "North East England"]
[BlackTeam "Sussex Martlets 1"]

1. e4 c5 2. Nc3 Nc6 3. Bb5 Nd4 4. Bc4 a6 5. d3 e6 6. Nge2 Nf6 7. O-O b5 8. Bb3
Nc6 9. Bg5 Be7 10. f4 Ng4 11. Bxe7 Nxe7 12. Qe1 c4 13. dxc4 bxc4 14. Ba4 Qb6+
15. Kh1 f5 16. Ng3 O-O 17. h3 Nf6 18. exf5 Nxf5 19. Nxf5 exf5 20. Qe5 Bb7 21.
Kh2 Ng4+ 22. hxg4 Rae8 23. Qxe8 Rxe8 24. Bxd7 Re7 25. Rad1 Qc7 26. Ba4 fxg4 27.
Rd4 Qc5 28. Rxc4 Qh5+ 29. Kg3 Bxg2 30. Rc8+ Kf7 31. Bb3+ Kg6 32. Kxg2 Qh3+ 33.
Kg1 g3 34. Rc6+ Kh5 35. Bf7+ g6 0-1

[Event "4NCL Division 2a"]
[Site "Daventry, ENG"]
[Date "2020.01.12"]
[Round "4.24"]
[White "Bucher, Grant W"]
[Black "Coathup, Roger H"]
[Result "1/2-1/2"]
[WhiteElo "2107"]
[BlackElo "2230"]
[PlyCount "35"]
[EventDate "2020.01.12"]
[WhiteTeam "Sussex Martlets 1"]
[BlackTeam "North East England"]

1. e4 c5 2. Nf3 e6 3. g3 Nc6 4. Bg2 Nf6 5. Qe2 e5 6. O-O Be7 7. c3 O-O 8. Na3
Re8 9. d3 h6 10. Nc4 Bf8 11. a4 d5 12. exd5 Nxd5 13. Nfxe5 Nxe5 14. Nxe5 f6 15.
Nf7 Qd7 16. Nxh6+ Kh8 17. Qh5 Re5 18. Nf7+ 1/2-1/2

[Event "4NCL Division 2a"]
[Site "Daventry, ENG"]
[Date "2020.01.12"]
[Round "4.25"]
[White "Oswald, Graeme E"]
[Black "Brewer, Callum D"]
[Result "0-1"]
[WhiteElo "2152"]
[BlackElo "2185"]
[PlyCount "94"]
[EventDate "2020.01.12"]
[WhiteTeam "North East England"]
[BlackTeam "Sussex Martlets 1"]

1. g3 d5 2. Bg2 e5 3. c4 c6 4. cxd5 cxd5 5. d4 e4 6. Nc3 Nc6 7. Nh3 h6 8. Nf4
Nf6 9. h4 Bb4 10. Be3 O-O 11. Qb3 Qd6 12. a3 Bxc3+ 13. Qxc3 Bf5 14. Bh3 Ne7 15.
Bd2 Rfc8 16. Qb3 Bxh3 17. Bb4 Qb6 18. Qd1 Nc6 19. Rxh3 Nxb4 20. axb4 Rc4 21. e3
Rac8 22. Kf1 Qxb4 23. Kg2 Rc2 24. Rh1 Rd2 25. Rc1 Rd8 26. Qe1 Ng4 27. Rf1 Qxb2
28. Rc7 Rc2 29. Rxc2 Qxc2 30. Kh3 Nf6 31. Qa5 Qc8+ 32. Kg2 Qb8 33. Rc1 b6 34.
Qc3 Qb7 35. f3 exf3+ 36. Kxf3 Qe7 37. Qd3 h5 38. Re1 Qd7 39. Kg2 Qg4 40. Rf1
Rc8 41. Ne2 Rc6 42. Rf5 Ne4 43. Rxd5 Rf6 44. Rd8+ Kh7 45. Re8 Qf3+ 46. Kh2 Qf2+
47. Kh1 Qf1+ 0-1

[Event "4NCL Division 2a"]
[Site "Daventry, ENG"]
[Date "2020.01.12"]
[Round "4.26"]
[White "Blake, J Morgan"]
[Black "Dargan, Paul A G"]
[Result "1-0"]
[WhiteElo "2177"]
[BlackElo "2102"]
[PlyCount "59"]
[EventDate "2020.01.12"]
[WhiteTeam "Sussex Martlets 1"]
[BlackTeam "North East England"]

1. e4 c5 2. Nf3 d6 3. Bb5+ Nc6 4. O-O Bd7 5. Re1 a6 6. Bf1 e5 7. h3 g5 8. d4 g4
9. d5 Nce7 10. Nh2 gxh3 11. f4 Bg7 12. Nd2 Qc7 13. fxe5 Bxe5 14. Nc4 Bd4+ 15.
Kh1 b5 16. c3 Bg7 17. Ne3 Ng6 18. Nf5 Be5 19. Ng4 hxg2+ 20. Bxg2 O-O-O 21. Nxe5
Nxe5 22. Bf4 Bxf5 23. Bxe5 dxe5 24. exf5 Nf6 25. a4 Rhg8 26. axb5 axb5 27. Qe2
c4 28. Ra6 Kd7 29. Rxf6 Ke7 30. d6+ 1-0

[Event "4NCL Division 2a"]
[Site "Daventry, ENG"]
[Date "2020.01.12"]
[Round "4.27"]
[White "Dunn, Andrew"]
[Black "Lunn, Matthew"]
[Result "1/2-1/2"]
[WhiteElo "2132"]
[BlackElo "2072"]
[PlyCount "28"]
[EventDate "2020.01.12"]
[WhiteTeam "North East England"]
[BlackTeam "Sussex Martlets 1"]

1. d4 Nf6 2. c4 g6 3. Nc3 Bg7 4. e4 d6 5. Be2 O-O 6. Nf3 e5 7. dxe5 dxe5 8.
Qxd8 Rxd8 9. Bg5 Re8 10. O-O Na6 11. h3 Nc5 12. Nd2 Ne6 13. Bd3 Bd7 14. Nb3 Bc6
1/2-1/2

[Event "4NCL Division 2a"]
[Site "Daventry, ENG"]
[Date "2020.01.12"]
[Round "4.28"]
[White "Graham, Cassie M"]
[Black "Smith, Lynda"]
[Result "1-0"]
[WhiteElo "2050"]
[BlackElo "1937"]
[PlyCount "61"]
[EventDate "2020.01.12"]
[WhiteTeam "Sussex Martlets 1"]
[BlackTeam "North East England"]

1. e4 c5 2. Nc3 e6 3. Nf3 Nc6 4. Bb5 a6 5. Bxc6 dxc6 6. d3 Nf6 7. O-O Be7 8. h3
O-O 9. Bf4 b5 10. Qe2 Bb7 11. Rad1 Qa5 12. Nd2 Nd7 13. a4 e5 14. Be3 Qc7 15.
Qg4 Nf6 16. Qf3 Rad8 17. Ne2 Bc8 18. Ng3 Be6 19. Nf5 Bxf5 20. Qxf5 Bd6 21. Bg5
Rde8 22. Bxf6 gxf6 23. Ra1 Qc8 24. axb5 Qxf5 25. exf5 axb5 26. Ne4 Rd8 27. Ra6
c4 28. Rxc6 cxd3 29. Nxd6 dxc2 30. Rc1 Rd7 31. R1xc2 1-0

[Event "4NCL Division 2a"]
[Site "Daventry, ENG"]
[Date "2020.01.12"]
[Round "4.31"]
[White "Weller, Jean-Luc"]
[Black "Baker, Chris W"]
[Result "1/2-1/2"]
[WhiteElo "2238"]
[BlackElo "2275"]
[PlyCount "28"]
[EventDate "2020.01.12"]
[WhiteTeam "Chessable White Rose 2"]
[BlackTeam "The ADs"]

1. d4 e6 2. e4 d5 3. Nd2 dxe4 4. Nxe4 Nd7 5. Bd3 Ngf6 6. Ne2 b6 7. N2g3 Bb7 8.
O-O Be7 9. f4 Nxe4 10. Nxe4 Nf6 11. Nxf6+ Bxf6 12. c3 g6 13. Be3 O-O 14. Qe2
Qd7 1/2-1/2

[Event "4NCL Division 2a"]
[Site "Daventry, ENG"]
[Date "2020.01.12"]
[Round "4.32"]
[White "Richardson, John R"]
[Black "Gayson, Peter M"]
[Result "1-0"]
[WhiteElo "2297"]
[BlackElo "2140"]
[PlyCount "81"]
[EventDate "2020.01.12"]
[WhiteTeam "The ADs"]
[BlackTeam "Chessable White Rose 2"]

1. Nf3 f5 2. g3 d6 3. d4 g6 4. Bg2 Bg7 5. O-O Nf6 6. b3 O-O 7. Bb2 c6 8. c4 e5
9. dxe5 Ng4 10. Nbd2 Nxe5 11. Qc2 Na6 12. a3 f4 13. b4 Bf5 14. Qb3 fxg3 15.
hxg3 Nxf3+ 16. Nxf3 Qe7 17. Bxg7 Qxg7 18. Rad1 Rad8 19. Qe3 c5 20. Qb3 Be4 21.
Rd2 Nc7 22. Rfd1 Qe7 23. Qe3 Rfe8 24. bxc5 d5 25. Ng5 Bxg2 26. Qxe7 Rxe7 27.
Kxg2 d4 28. Rxd4 Rxd4 29. Rxd4 Na6 30. Ne4 Rc7 31. Rd5 Kf7 32. f4 h6 33. Kf3
Nb8 34. Nd6+ Kf8 35. Nb5 Rd7 36. Nxa7 Rxd5 37. cxd5 Na6 38. c6 bxc6 39. Nxc6
Nc5 40. e4 Ke8 41. Ne5 1-0

[Event "4NCL Division 2a"]
[Site "Daventry, ENG"]
[Date "2020.01.12"]
[Round "4.33"]
[White "Arnott, Jonathan W"]
[Black "Snape, Ian L"]
[Result "1/2-1/2"]
[WhiteElo "2127"]
[BlackElo "2207"]
[PlyCount "72"]
[EventDate "2020.01.12"]
[WhiteTeam "Chessable White Rose 2"]
[BlackTeam "The ADs"]

1. e4 c5 2. c3 d6 3. Nf3 Nf6 4. e5 dxe5 5. Nxe5 a6 6. d4 e6 7. Be3 Qc7 8. Nd2
Be7 9. Bd3 Nbd7 10. Ndf3 b5 11. Nxd7 Bxd7 12. Ne5 Bc6 13. Nxc6 Qxc6 14. O-O Rd8
15. dxc5 Bxc5 16. Bxc5 Qxc5 17. Qf3 O-O 18. a4 Rd5 19. axb5 axb5 20. Ra5 Qd6
21. Rd1 Rd8 22. c4 bxc4 23. Rxd5 exd5 24. Bxc4 Qb4 25. b3 Re8 26. Bf1 Rb8 27.
Rd3 Rc8 28. g3 Rc1 29. Rd1 Rc3 30. Rd3 Rc2 31. Qf5 Rc1 32. Qe5 h6 33. Kg2 Re1
34. Qd4 Qb5 35. Qc3 Qe8 36. Re3 Rxe3 1/2-1/2

[Event "4NCL Division 2a"]
[Site "Daventry, ENG"]
[Date "2020.01.12"]
[Round "4.34"]
[White "Duggan, John E"]
[Black "Shaw, Peter"]
[Result "0-1"]
[WhiteElo "2207"]
[BlackElo "2052"]
[PlyCount "74"]
[EventDate "2020.01.12"]
[WhiteTeam "The ADs"]
[BlackTeam "Chessable White Rose 2"]

1. d4 f5 2. g3 Nf6 3. Bg2 e6 4. c4 Be7 5. Nh3 d6 6. O-O O-O 7. b3 Qe8 8. Bb2
Bd8 9. Nf4 e5 10. dxe5 dxe5 11. Nd3 Nbd7 12. Nc3 c6 13. e4 f4 14. gxf4 exf4 15.
f3 Bb6+ 16. Nf2 Ne5 17. Ba3 Qg6 18. c5 Rd8 19. Qe2 Rd2 20. cxb6 Rxe2 21. Nxe2
Nxf3+ 22. Kh1 Nh4 23. Nxf4 Qg5 24. Bc1 Nxg2 25. Nxg2 Qb5 26. Bb2 axb6 27. Rfe1
Ng4 28. Nh3 Qh5 29. Ngf4 Nf2+ 30. Nxf2 Qf3+ 31. Kg1 Qxf4 32. Bd4 c5 33. Be3 Qf3
34. Rad1 Be6 35. Rd3 Bh3 36. Nxh3 Qg4+ 37. Kh1 Qxe4+ 0-1

[Event "4NCL Division 2a"]
[Site "Daventry, ENG"]
[Date "2020.01.12"]
[Round "4.35"]
[White "Burnett, Jim"]
[Black "Tombolis, Christopher"]
[Result "1/2-1/2"]
[WhiteElo "2030"]
[BlackElo "2102"]
[PlyCount "39"]
[EventDate "2020.01.12"]
[WhiteTeam "Chessable White Rose 2"]
[BlackTeam "The ADs"]

1. d4 d5 2. c4 e6 3. Nc3 Nf6 4. Bg5 Be7 5. e3 O-O 6. Nf3 h6 7. Bh4 b6 8. Bd3
Bb7 9. O-O Nbd7 10. Qe2 dxc4 11. Bxc4 Ne4 12. Bg3 Nxc3 13. bxc3 Bd6 14. Rfd1
Bxg3 15. hxg3 Qe7 16. Ba6 Bxa6 17. Qxa6 c5 18. Rac1 Nf6 19. Ne5 Qc7 20. Nd3
1/2-1/2

[Event "4NCL Division 2a"]
[Site "Daventry, ENG"]
[Date "2020.01.12"]
[Round "4.36"]
[White "Bellin, Jana M"]
[Black "Lewyk, Ihor"]
[Result "1/2-1/2"]
[WhiteElo "2080"]
[BlackElo "2029"]
[PlyCount "46"]
[EventDate "2020.01.12"]
[WhiteTeam "The ADs"]
[BlackTeam "Chessable White Rose 2"]

1. d4 Nf6 2. Nf3 d5 3. c4 c6 4. e3 e6 5. Nbd2 Be7 6. Bd3 Nbd7 7. e4 dxe4 8.
Nxe4 Nxe4 9. Bxe4 Nf6 10. Bc2 O-O 11. O-O b6 12. Bg5 Bb7 13. Qd3 g6 14. Rad1 c5
15. dxc5 Qxd3 16. Rxd3 bxc5 17. Rfd1 Be4 18. R3d2 Bxf3 19. gxf3 Rfd8 20. Be3
Rxd2 21. Rxd2 Rb8 22. b3 Rb7 23. Be4 Rd7 1/2-1/2

[Event "4NCL Division 2a"]
[Site "Daventry, ENG"]
[Date "2020.01.12"]
[Round "4.37"]
[White "Chan, Sheng Liang Bernard"]
[Black "Hylands, Liam M"]
[Result "1/2-1/2"]
[WhiteElo "1802"]
[BlackElo "2080"]
[PlyCount "127"]
[EventDate "2020.01.12"]
[WhiteTeam "Chessable White Rose 2"]
[BlackTeam "The ADs"]

1. d4 Nf6 2. Bf4 c5 3. c3 d5 4. e3 Nc6 5. Nd2 Bf5 6. Qb3 Qb6 7. dxc5 Qxb3 8.
Nxb3 e5 9. Bg3 Ne4 10. Bb5 Nxg3 11. hxg3 O-O-O 12. Nf3 f6 13. O-O-O Be7 14.
Bxc6 bxc6 15. Na5 Kc7 16. b4 g5 17. Rh6 Bg6 18. g4 Rhe8 19. Ng1 Bf8 20. Rh1 f5
21. gxf5 Bxf5 22. g4 Bg6 23. Nf3 h6 24. Nd2 Bg7 25. e4 dxe4 26. Rhe1 Rf8 27.
Nxe4 Rxd1+ 28. Kxd1 Bxe4 29. Rxe4 Rxf2 30. Re2 Rf4 31. Rd2 Bf8 32. Re2 e4 33.
Nc4 Bg7 34. Kc2 Rxg4 35. Nd6 Kd7 36. Nxe4 h5 37. a4 h4 38. b5 cxb5 39. axb5 h3
40. c6+ Kc7 41. Nd2 Bf8 42. Rf2 Bd6 43. Rf7+ Kb8 44. Nf3 Rf4 45. Rd7 Rxf3 46.
Rxd6 Rf5 47. Rg6 h2 48. Rg8+ Kc7 49. Rg7+ Kb6 50. Rb7+ Ka5 51. Rxa7+ Kxb5 52.
Rh7 Rf2+ 53. Kd3 Kxc6 54. Ke3 Rc2 55. Kf3 Kd5 56. Kg3 Rxc3+ 57. Kxh2 Ke4 58.
Kg2 Kf4 59. Rf7+ Kg4 60. Ra7 Rc2+ 61. Kg1 Kh3 62. Ra3+ Kh4 63. Rb3 g4 64. Ra3
1/2-1/2

[Event "4NCL Division 2a"]
[Site "Daventry, ENG"]
[Date "2020.01.12"]
[Round "4.38"]
[White "Walsh, Marcus"]
[Black "Parkhouse, Max"]
[Result "1-0"]
[WhiteElo "2005"]
[BlackElo "1735"]
[PlyCount "69"]
[EventDate "2020.01.12"]
[WhiteTeam "The ADs"]
[BlackTeam "Chessable White Rose 2"]

1. e4 e6 2. d4 d5 3. Nc3 Nf6 4. Bg5 Be7 5. e5 Nfd7 6. h4 h6 7. Bxe7 Qxe7 8. Qg4
O-O 9. O-O-O c5 10. Nf3 Nc6 11. Qg3 a6 12. dxc5 Nxc5 13. Bd3 b5 14. Kb1 b4 15.
Ne2 Nxd3 16. Rxd3 a5 17. Nfd4 Bd7 18. Nxc6 Bxc6 19. Nd4 Bb7 20. f4 Ba6 21. f5
Kh7 22. Re3 Qc5 23. Rd1 Rac8 24. Qf4 Rc7 25. g4 g6 26. Qf2 Qe7 27. Rc1 a4 28.
Rf3 gxf5 29. gxf5 Re8 30. f6 Qd8 31. Rg3 Rg8 32. Rcg1 Rg6 33. Rxg6 fxg6 34.
Nxe6 Rxc2 35. Qxc2 1-0

[Event "4NCL Division 2a"]
[Site "Daventry, ENG"]
[Date "2020.01.12"]
[Round "4.41"]
[White "Holt, Philip J"]
[Black "Martin, Lewis"]
[Result "0-1"]
[WhiteElo "2219"]
[BlackElo "2198"]
[PlyCount "42"]
[EventDate "2020.01.12"]
[WhiteTeam "Warwickshire Select 1"]
[BlackTeam "Check Innmates"]

1. e4 c5 2. c3 d5 3. exd5 Qxd5 4. d4 Nf6 5. Nf3 Bg4 6. dxc5 Qxc5 7. h3 Bh5 8.
Be3 Qc7 9. Na3 a6 10. Qa4+ Nbd7 11. g4 Bg6 12. Bf4 Qc8 13. Rd1 Be4 14. Bg2 b5
15. Qd4 e5 16. Bxe5 Bc5 17. Qd2 Nxe5 18. Nxe5 Bxg2 19. Rh2 Qe6 20. Qe2 Bxa3 21.
Rxg2 Bxb2 0-1

[Event "4NCL Division 2a"]
[Site "Daventry, ENG"]
[Date "2020.01.12"]
[Round "4.42"]
[White "Truran, Michael C"]
[Black "Fallowfield, Jeremy R"]
[Result "0-1"]
[WhiteElo "2143"]
[BlackElo "2177"]
[PlyCount "54"]
[EventDate "2020.01.12"]
[WhiteTeam "Check Innmates"]
[BlackTeam "Warwickshire Select 1"]

1. d4 Nf6 2. Nf3 d5 3. c4 e6 4. Nc3 Bb4 5. cxd5 exd5 6. Bg5 h6 7. Bh4 Nbd7 8.
e3 g5 9. Bg3 Ne4 10. Qb3 c5 11. a3 Qa5 12. Rc1 Bxc3+ 13. bxc3 c4 14. Qb2 h5 15.
Nd2 Nxd2 16. Kxd2 h4 17. Bd6 Rh6 18. Bb4 Qa4 19. e4 a5 20. exd5 axb4 21. Bxc4
bxa3 22. Rhe1+ Kf8 23. Qa2 Rb6 24. Rc2 Rb2 25. Rxb2 axb2 26. Qxa4 Rxa4 27. Bd3
Ra1 0-1

[Event "4NCL Division 2a"]
[Site "Daventry, ENG"]
[Date "2020.01.12"]
[Round "4.43"]
[White "Pitcher, John"]
[Black "Richmond, Jane"]
[Result "0-1"]
[WhiteElo "2241"]
[BlackElo "2074"]
[PlyCount "72"]
[EventDate "2020.01.12"]
[WhiteTeam "Warwickshire Select 1"]
[BlackTeam "Check Innmates"]

1. e4 e5 2. Bc4 Nf6 3. d3 Bc5 4. Nc3 d6 5. f4 c6 6. Nf3 Nbd7 7. a3 b5 8. Ba2 a5
9. Ng5 O-O 10. f5 b4 11. Nb1 d5 12. Qf3 Ba6 13. Nd2 Rb8 14. Nb3 Bd6 15. a4 c5
16. Nd2 c4 17. dxc4 dxe4 18. Qe2 Nc5 19. Ngxe4 Nfxe4 20. Nxe4 Qh4+ 21. Nf2 e4
22. Be3 Qf6 23. Rd1 Rbd8 24. Bb3 Qxf5 25. Rd5 Qxd5 26. cxd5 Bxe2 27. Kxe2 f5
28. Bc4 Nxa4 29. Bb5 Nxb2 30. Bd4 Rb8 31. Bc6 Nc4 32. g4 fxg4 33. Nxe4 Rf4 34.
Nxd6 Rxd4 35. Nxc4 Rxc4 36. Kd3 Rc3+ 0-1

[Event "4NCL Division 2a"]
[Site "Daventry, ENG"]
[Date "2020.01.12"]
[Round "4.44"]
[White "Hackett, Dave G"]
[Black "Mason, Donald J"]
[Result "0-1"]
[WhiteElo "2079"]
[BlackElo "2125"]
[PlyCount "58"]
[EventDate "2020.01.12"]
[WhiteTeam "Check Innmates"]
[BlackTeam "Warwickshire Select 1"]

1. e4 e5 2. d4 exd4 3. Qxd4 Nc6 4. Qe3 Nf6 5. Nc3 Bb4 6. Bd2 O-O 7. O-O-O Re8
8. f3 d5 9. Qf2 dxe4 10. Bg5 Bd7 11. Nd5 e3 12. Qh4 Bd2+ 13. Kb1 e2 14. Nxe2
Bxg5 15. Qxg5 Nxd5 16. Qxd5 Qh4 17. g3 Qf6 18. Nf4 Rad8 19. Bd3 Bg4 20. fxg4
Rxd5 21. Nxd5 Qe5 22. c3 Rd8 23. Rhe1 Qxd5 24. Bc2 Qg5 25. Rd7 g6 26. h4 Qxg4
27. Rxd8+ Nxd8 28. Re8+ Kg7 29. Rxd8 Qxg3 0-1